[Event "Ruhrgebiet Verbandsklasse Gruppe 3 1819"]
[Site "Nordrheinwestfalen"]
[Date "2018.11.04"]
[Round "3.4"]
[White "Wagner, Ole"]
[Black "Dunsche, Daniel"]
[Result "1-0"]
[WhiteElo "1904"]
[BlackElo "1930"]
[PlyCount "99"]
[EventDate "2018.09.23"]
[EventType "team-tourn"]
[EventRounds "9"]
[EventCountry "GER"]
[SourceTitle "EXT 2022"]
[Source "ChessBase"]
[SourceDate "2021.10.06"]
[SourceVersion "1"]
[SourceVersionDate "2021.10.06"]
[SourceQuality "1"]
[WhiteTeam "Essen Listiger Bauer"]
[BlackTeam "Waltrop SV"]
[WhiteTeamCountry "GER"]
[BlackTeamCountry "GER"]

1. Nf3 c5 2. b3 g6 3. Bb2 Nf6 4. e4 d6 5. Bb5+ Bd7 6. Bxf6 exf6 7. Bxd7+ Nxd7 8. 0-0 Bg7 9. Re1 0-0 10. Nc3 Ne5 11. Nxe5 fxe5 12. Nd5 f5 13. d3 Rf7 14. f3 Qg5 15. Qe2 Raf8 16. Rf1 Kh8 17. c4 Qh5 18. g4 fxg4 19. fxg4 Qh3 20. Rxf7 Rxf7 21. Rd1 Bh6 22. Qg2 Be3+ 23. Kh1 Qh6 24. Rf1 Bf4 25. Rf3 Qh4 26. Qh3 Qe1+ 27. Qf1 Qxf1+ 28. Rxf1 Kg7 29. Kg2 Kh6 30. h4 g5 31. h5 Kg7 32. a3 h6 33. b4 Kf8 34. b5 Ke8 35. a4 Kf8 36. a5 Ke8 37. a6 bxa6 38. bxa6 Kd8 39. Ne3 Rf6 40. Nf5 d5 41. Ra1 dxe4 42. dxe4 Kc7 43. Ne7 Rf7 44. Nd5+ Kc6 45. Rb1 Bd2 46. Rb8 Rh7 47. Rg8 Rd7 48. Rg6+ Rd6 49. Ne7+ Kd7 50. Rxd6+ 1-0

[Event "Ruhrgebiet Verbandsklasse Gruppe 3 1718"]
[Site "Germany"]
[Date "2018.02.25"]
[Round "7.4"]
[White "Schmidt, Ralph"]
[Black "Wagner, Ole"]
[Result "0-1"]
[WhiteElo "1867"]
[BlackElo "1950"]
[PlyCount "94"]
[EventDate "2017.09.17"]
[EventType "team-tourn"]
[EventRounds "9"]
[EventCountry "GER"]
[SourceTitle "EXT 2022"]
[Source "ChessBase"]
[SourceDate "2021.10.06"]
[SourceVersion "1"]
[SourceVersionDate "2021.10.06"]
[SourceQuality "1"]
[WhiteTeam "Bochum-Linden"]
[BlackTeam "Essen Listiger Bauer"]
[WhiteTeamCountry "GER"]
[BlackTeamCountry "GER"]

1. e4 c5 2. Nc3 Nc6 3. d3 Nf6 4. Be3 e6 5. Nf3 d5 6. exd5 Nxd5 7. Nxd5 Qxd5 8. d4 cxd4 9. Nxd4 Nxd4 10. Qxd4 Qxd4 11. Bxd4 Bd7 12. Bd3 Bc6 13. 0-0-0 h5 14. h4 Rg8 15. Rhe1 Be7 16. g3 a6 17. Be2 g6 18. Be5 Bc5 19. Bd4 Bxd4 20. Rxd4 Rd8 21. Rxd8+ Kxd8 22. Bd3 Ke7 23. Re5 Rd8 24. Rc5 Rd6 25. b3 Kf6 26. a4 b6 27. Rg5 a5 28. g4 hxg4 29. Rxg4 e5 30. Rg3 Rd4 31. Rh3 Rf4 32. h5 g5 33. Be2 Kg7 34. Re3 Re4 35. Kd2 Rxe3 36. Kxe3 f5 37. Bb5 Bb7 38. f3 f4+ 39. Kf2 Kh6 40. Be8 e4 41. fxe4 Bxe4 42. c3 g4 43. b4 g3+ 44. Kg1 f3 45. Bb5 Kxh5 46. bxa5 bxa5 47. Bf1 f2# 0-1

[Event "Ruhrgebiet Verbandsliga Gruppe 2 1617"]
[Site "Germany"]
[Date "2017.04.30"]
[Round "9.7"]
[White "Wagner, Ole"]
[Black "Dawid, Adalbert"]
[Result "1/2-1/2"]
[WhiteElo "1950"]
[BlackElo "1824"]
[PlyCount "64"]
[EventDate "2016.09.04"]
[EventType "team-tourn"]
[EventRounds "9"]
[EventCountry "GER"]
[SourceTitle "EXT 2022"]
[Source "ChessBase"]
[SourceDate "2021.10.06"]
[SourceVersion "1"]
[SourceVersionDate "2021.10.06"]
[SourceQuality "1"]
[WhiteTeam "Essen Listiger Bauer"]
[BlackTeam "Dortmund Hansa II"]
[WhiteTeamCountry "GER"]
[BlackTeamCountry "GER"]

1. Nf3 Nf6 2. g3 g6 3. Bg2 Bg7 4. d3 d5 5. Nbd2 0-0 6. 0-0 Re8 7. e4 e5 8. Re1 d4 9. Nc4 Bg4 10. h3 Bxf3 11. Qxf3 b5 12. Nd2 Nbd7 13. Nf1 c5 14. g4 Nf8 15. Ng3 N6d7 16. Rf1 Ne6 17. Ne2 c4 18. Qg3 g5 19. Qf3 Qf6 20. Ng3 Qxf3 21. Bxf3 Rec8 22. Nf5 Bf8 23. Be2 Rc7 24. h4 Nf4 25. Bxf4 gxf4 26. g5 c3 27. b3 Ba3 28. Bh5 Nf8 29. Nh6+ Kg7 30. Nf5+ Kh8 31. Nh6 Kg7 32. Nf5+ Kh8 1/2-1/2

[Event "Ruhrgebiet Verbandsliga Gruppe 2 1617"]
[Site "Germany"]
[Date "2017.02.19"]
[Round "7.6"]
[White "Kucheyda, Joerg"]
[Black "Wagner, Ole"]
[Result "1-0"]
[WhiteElo "1916"]
[BlackElo "1942"]
[PlyCount "141"]
[EventDate "2016.09.04"]
[EventType "team-tourn"]
[EventRounds "9"]
[EventCountry "GER"]
[SourceTitle "EXT 2022"]
[Source "ChessBase"]
[SourceDate "2021.10.06"]
[SourceVersion "1"]
[SourceVersionDate "2021.10.06"]
[SourceQuality "1"]
[WhiteTeam "Gladbeck SG"]
[BlackTeam "Essen Listiger Bauer"]
[WhiteTeamCountry "GER"]
[BlackTeamCountry "GER"]

1. d4 Nf6 2. c4 g6 3. Nc3 Bg7 4. e4 d6 5. f3 Nc6 6. Be3 a6 7. Nge2 Rb8 8. Ng3 0-0 9. Qd2 e5 10. d5 Nd4 11. Bd3 c5 12. dxc6 bxc6 13. 0-0 Be6 14. b3 Qa5 15. Rad1 Qc7 16. Bh6 Qa5 17. Bg5 Qb6 18. Kh1 Qc7 19. Nce2 Nd7 20. Bh6 Qd8 21. Bxg7 Kxg7 22. f4 Bg4 23. Nxd4 exd4 24. Be2 Bxe2 25. Qxd4+ Qf6 26. Nxe2 Qxd4 27. Rxd4 Nc5 28. Ng3 Rfe8 29. f5 a5 30. fxg6 hxg6 31. Rxd6 a4 32. Rxc6 Nxe4 33. Nxe4 Rxe4 34. Rc7 axb3 35. axb3 Rxb3 36. h3 Rc3 37. Rfxf7+ Kh6 38. Rh7+ Kg5 39. Rc5+ Kf6 40. Rc6+ Kg5 41. Rg7 Rexc4 42. Rgxg6+ Kf5 43. Rxc4 Rxc4 44. Rg3 Ra4 45. Kh2 Rb4 46. Rf3+ Kg5 47. Kg3 Kh5 48. Rf5+ Kg6 49. Rf4 Rb2 50. h4 Kh5 51. Rf5+ Kg6 52. Rg5+ Kh6 53. Kh3 Rb4 54. g3 Ra4 55. Rb5 Rc4 56. Rb6+ Kh7 57. h5 Ra4 58. g4 Ra5 59. Kh4 Rc5 60. h6 Rc1 61. Kh5 Rh1+ 62. Kg5 Rc1 63. Rb7+ Kh8 64. Kh5 Rc6 65. g5 Rc8 66. Rb5 Ra8 67. Rf5 Rb8 68. g6 Ra8 69. g7+ Kg8 70. Kg6 Ra6+ 71. Rf6 1-0

[Event "Ruhrgebiet Verbandsliga Gruppe 2 1617"]
[Site "Germany"]
[Date "2016.11.27"]
[Round "4.5"]
[White "Schueppel, Werner"]
[Black "Wagner, Ole"]
[Result "0-1"]
[WhiteElo "1943"]
[BlackElo "1942"]
[PlyCount "68"]
[EventDate "2016.09.04"]
[EventType "team-tourn"]
[EventRounds "9"]
[EventCountry "GER"]
[SourceTitle "EXT 2022"]
[Source "ChessBase"]
[SourceDate "2021.10.06"]
[SourceVersion "1"]
[SourceVersionDate "2021.10.06"]
[SourceQuality "1"]
[WhiteTeam "Kirchhellen SF"]
[BlackTeam "Essen Listiger Bauer"]
[WhiteTeamCountry "GER"]
[BlackTeamCountry "GER"]

1. d4 Nf6 2. Nf3 d5 3. c4 c6 4. Nc3 e6 5. e3 Nbd7 6. Bd3 Be7 7. 0-0 0-0 8. Bd2 c5 9. Ne5 a6 10. f4 cxd4 11. exd4 dxc4 12. Nxc4 b5 13. Ne5 Nxe5 14. fxe5 Qxd4+ 15. Kh1 Qxd3 16. exf6 Bxf6 17. Rf3 Qd8 18. Qc2 Bb7 19. Rh3 g6 20. Bh6 Rc8 21. Bxf8 Qxf8 22. Qf2 Qe7 23. Rf1 Bg7 24. Rd3 h5 25. Rfd1 Rc7 26. h3 b4 27. Na4 Be4 28. Rd6 Bc2 29. b3 Bxd1 30. Rxd1 Qg5 31. Qe1 Rc2 32. Qf1 Be5 33. Rd7 Rc1 34. Rd1 Qg3 0-1

[Event "Ruhrgebiet Verbandsklasse Gruppe 1 1516"]
[Site "Germany"]
[Date "2016.04.24"]
[Round "9.4"]
[White "Huestegge, Ulrich"]
[Black "Wagner, Ole"]
[Result "1-0"]
[WhiteElo "1832"]
[BlackElo "1942"]
[PlyCount "149"]
[EventDate "2015.09.06"]
[EventType "team-tourn"]
[EventRounds "9"]
[EventCountry "GER"]
[SourceTitle "EXT 2022"]
[Source "ChessBase"]
[SourceDate "2021.10.06"]
[SourceVersion "1"]
[SourceVersionDate "2021.10.06"]
[SourceQuality "1"]
[WhiteTeam "Bottrop SV II"]
[BlackTeam "Essen Listiger Bauer"]
[WhiteTeamCountry "GER"]
[BlackTeamCountry "GER"]

1. e4 c5 2. c4 Nc6 3. Nc3 d6 4. g3 Nf6 5. Bg2 a6 6. Nge2 e6 7. 0-0 Be7 8. f4 Bd7 9. h3 Qc7 10. d3 h6 11. Be3 Rd8 12. f5 e5 13. g4 Nd4 14. Ng3 Bc6 15. h4 h5 16. gxh5 Kd7 17. a3 Rdg8 18. b4 b6 19. bxc5 bxc5 20. Bg5 Rh7 21. Nd5 Qa7 22. Rb1 Rb8 23. Bxf6 Bxf6 24. Rxb8 Qxb8 25. Qb1 Qxb1 26. Nxf6+ gxf6 27. Rxb1 Rg7 28. Kf2 Kc7 29. Rg1 Kd7 30. Bh3 Rg8 31. Nf1 Rxg1 32. Kxg1 Ke7 33. Ne3 Ne2+ 34. Kh2 Nf4 35. h6 Kf8 36. Ng4 Kg8 37. Nxf6+ Kh8 38. Bg4 Ba4 39. Kg3 Bc2 40. Ne8 Bxd3 41. Nxd6 f6 42. Ne8 Bxc4 43. Nxf6 Bb5 44. Bd1 Bc6 45. Bc2 Ne2+ 46. Kg4 c4 47. Kg5 Nd4 48. Bb1 c3 49. Ng4 c2 50. Bxc2 Nxc2 51. Nxe5 Bxe4 52. Kg6 Bxf5+ 53. Kxf5 Kh7 54. Kg5 Nd4 55. Ng4 Ne6+ 56. Kf6 Nd4 57. Ke5 Nc6+ 58. Kd5 Na5 59. Kc5 Kg6 60. h5+ Kh7 61. a4 Kh8 62. Kb6 Nb3 63. Nf6 a5 64. Kb5 Nc5 65. Ng4 Nxa4 66. Kxa4 Kh7 67. Kxa5 Kg8 68. Kb6 Kh7 69. Kc6 Kg8 70. Kd6 Kh7 71. Ke6 Kh8 72. Kf6 Kh7 73. Kg5 Kh8 74. Kg6 Kg8 75. Ne5 1-0

[Event "Ruhrgebiet Verbandsklasse Gruppe 1 1516"]
[Site "Germany"]
[Date "2015.11.08"]
[Round "3.5"]
[White "Wagner, Ole"]
[Black "Kotlar, Alfred"]
[Result "1-0"]
[WhiteElo "1940"]
[BlackElo "1890"]
[PlyCount "61"]
[EventDate "2015.09.06"]
[EventType "team-tourn"]
[EventRounds "9"]
[EventCountry "GER"]
[SourceTitle "EXT 2022"]
[Source "ChessBase"]
[SourceDate "2021.10.06"]
[SourceVersion "1"]
[SourceVersionDate "2021.10.06"]
[SourceQuality "1"]
[WhiteTeam "Essen Listiger Bauer"]
[BlackTeam "Recklinghausen Altstadt"]
[WhiteTeamCountry "GER"]
[BlackTeamCountry "GER"]

1. e4 d5 2. Nc3 dxe4 3. Nxe4 Bf5 4. Ng3 Bg6 5. h4 h6 6. Bc4 c6 7. Nf3 e6 8. Ne5 Bh7 9. Qe2 Qc8 10. d4 Nf6 11. f4 Nd5 12. f5 Be7 13. Qg4 Bf6 14. Ne4 Ke7 15. Nxf6 gxf6 16. Nd3 Bxf5 17. Qf3 Nd7 18. b3 Qg8 19. Ba3+ Kd8 20. Bxd5 cxd5 21. Nc5 Nxc5 22. dxc5 Qg4 23. 0-0-0 Rg8 24. Qc3 Qf4+ 25. Kb1 Qe5 26. Qa5+ Qc7 27. Qd2 h5 28. Rhf1 Rc8 29. Rxf5 exf5 30. Qxd5+ Ke8 31. c6 1-0

[Event "Ruhrgebiet Verbandsklasse Gruppe 1 1415"]
[Site "Germany"]
[Date "2014.10.19"]
[Round "2"]
[White "Wagner, Ole"]
[Black "Delvos, Thorsten"]
[Result "1/2-1/2"]
[WhiteElo "1969"]
[BlackElo "1943"]
[PlyCount "28"]
[EventDate "2014.09.21"]
[EventType "team-tourn"]
[EventRounds "9"]
[EventCountry "GER"]
[SourceTitle "EXT 2022"]
[Source "ChessBase"]
[SourceDate "2021.10.06"]
[SourceVersion "1"]
[SourceVersionDate "2021.10.06"]
[SourceQuality "1"]
[WhiteTeam "Essen Listiger Bauer"]
[BlackTeam "Mengede SG"]
[WhiteTeamCountry "GER"]
[BlackTeamCountry "GER"]

1. e4 c5 2. Nf3 Nc6 3. Nc3 Nf6 4. g3 d6 5. Bg2 Bg4 6. h3 Bd7 7. d3 e5 8. Bg5 Be7 9. Bxf6 Bxf6 10. Nd5 Ne7 11. Ne3 Be6 12. Qe2 0-0 13. 0-0 d5 14. Ng4 dxe4 1/2-1/2

[Event "Ruhrgebiet Verbandsklasse Gruppe 1 1415"]
[Site "Germany"]
[Date "2014.09.21"]
[Round "1"]
[White "Korten, Lando"]
[Black "Wagner, Ole"]
[Result "1/2-1/2"]
[WhiteElo "1772"]
[BlackElo "1969"]
[PlyCount "25"]
[EventDate "2014.09.21"]
[EventType "team-tourn"]
[EventRounds "9"]
[EventCountry "GER"]
[SourceTitle "EXT 2022"]
[Source "ChessBase"]
[SourceDate "2021.10.06"]
[SourceVersion "1"]
[SourceVersionDate "2021.10.06"]
[SourceQuality "1"]
[WhiteTeam "Unna SV"]
[BlackTeam "Essen Listiger Bauer"]
[WhiteTeamCountry "GER"]
[BlackTeamCountry "GER"]

1. d4 Nf6 2. c4 g6 3. Nc3 Bg7 4. e4 d6 5. Be2 0-0 6. g4 c5 7. d5 e6 8. g5 Ne8 9. h4 f5 10. exf5 Rxf5 11. f4 Nc7 12. Bf3 e5 13. Be4 1/2-1/2

[Event "NRW Verbandsliga Group1 1314"]
[Site "Nordrheinwestfalen"]
[Date "2014.04.06"]
[Round "9.3"]
[White "Wagner, Ole"]
[Black "Schulz, Hartmut"]
[Result "1/2-1/2"]
[WhiteElo "1969"]
[BlackElo "2055"]
[PlyCount "68"]
[EventDate "2013.09.08"]
[EventType "team-tourn"]
[EventRounds "9"]
[EventCountry "GER"]
[SourceTitle "EXT 2020"]
[Source "ChessBase"]
[SourceDate "2019.10.17"]
[SourceVersion "1"]
[SourceVersionDate "2019.10.17"]
[SourceQuality "1"]
[WhiteTeam "Listiger Bauer Essen"]
[BlackTeam "Doppelbauer Brambauer"]
[WhiteTeamCountry "GER"]
[BlackTeamCountry "GER"]

1. e4 c6 2. Nf3 d5 3. Nc3 dxe4 4. Nxe4 Nf6 5. Ng3 h5 6. h3 h4 7. Ne2 Bf5 8. d4 Ne4 9. Nc3 Qa5 10. Bd2 Nxd2 11. Nxd2 e6 12. Nc4 Qc7 13. Ne3 Bg6 14. Bd3 Bxd3 15. Qxd3 Nd7 16. Ne4 0-0-0 17. 0-0-0 Be7 18. Qe2 Nb6 19. Qf3 Rhf8 20. Rhe1 Kb8 21. Kb1 Ka8 22. a3 Rd7 23. c3 Kb8 24. Qe2 Rfd8 25. Qf3 Rf8 26. Qe2 Qf4 27. Qc2 Rfd8 28. g3 hxg3 29. fxg3 Qc7 30. Qg2 c5 31. dxc5 Rxd1+ 32. Rxd1 Rxd1+ 33. Nxd1 Bxc5 34. Qf3 f6 1/2-1/2

[Event "NRW Verbandsliga Group1 1314"]
[Site "Nordrheinwestfalen"]
[Date "2013.11.24"]
[Round "4.3"]
[White "Claussen, Uwe"]
[Black "Wagner, Ole"]
[Result "1-0"]
[WhiteElo "2053"]
[BlackElo "1969"]
[PlyCount "111"]
[EventDate "2013.09.08"]
[EventType "team-tourn"]
[EventRounds "9"]
[EventCountry "GER"]
[SourceTitle "EXT 2020"]
[Source "ChessBase"]
[SourceDate "2019.10.17"]
[SourceVersion "1"]
[SourceVersionDate "2019.10.17"]
[SourceQuality "1"]
[WhiteTeam "Essen Werden"]
[BlackTeam "Listiger Bauer Essen"]
[WhiteTeamCountry "GER"]
[BlackTeamCountry "GER"]

1. d4 Nf6 2. Nf3 d5 3. e3 e6 4. Bd3 c5 5. c3 Nc6 6. Nbd2 Be7 7. 0-0 0-0 8. Qe2 b6 9. dxc5 bxc5 10. e4 Bb7 11. e5 Ne8 12. Re1 g6 13. Nf1 Nc7 14. Bh6 f6 15. Bxf8 Qxf8 16. Ng3 f5 17. Qd2 Qg7 18. h4 Rf8 19. Qf4 h6 20. Qd2 f4 21. Ne2 g5 22. h5 g4 23. Nxf4 gxf3 24. Ng6 c4 25. Bc2 Bc5 26. g3 Ne7 27. Kh2 Nxg6 28. Bxg6 Na6 29. g4 Be7 30. Qe3 Bc5 31. Qd2 Nb8 32. g5 hxg5 33. Qxg5 Be7 34. Qg4 Bc8 35. Rg1 Qxe5+ 36. Rg3 Bd6 37. Kh1 Kh8 38. Rag1 Rf4 39. Qh3 Nd7 40. Bc2 Nf6 41. Rg6 Bf8 42. R6g5 Rf5 43. Bxf5 exf5 44. h6 Be6 45. h7 Bg7 46. Qh4 Qe4 47. Qxe4 dxe4 48. Rxg7 e3 49. Rg8+ Nxg8 50. hxg8Q+ Bxg8 51. fxe3 Bd5 52. Kh2 Kh7 53. Kg3 Kg6 54. Rd1 Be4 55. Rd6+ Kf7 56. Ra6 1-0

[Event "Ruhrgebiet VK3 1213"]
[Site "Nordrheinwestfalen"]
[Date "2012.09.02"]
[Round "1.4"]
[White "Koester, Sabrina"]
[Black "Wagner, Ole"]
[Result "0-1"]
[WhiteElo "1768"]
[BlackElo "1939"]
[PlyCount "78"]
[EventDate "2012.09.02"]
[EventType "team-tourn"]
[EventRounds "9"]
[EventCountry "GER"]
[SourceTitle "EXT 2020"]
[Source "ChessBase"]
[SourceDate "2019.10.17"]
[SourceVersion "1"]
[SourceVersionDate "2019.10.17"]
[SourceQuality "1"]
[WhiteTeam "Brackel SF III"]
[BlackTeam "Listiger Bauer Essen"]
[WhiteTeamCountry "GER"]
[BlackTeamCountry "GER"]

1. d4 Nf6 2. c4 g6 3. Nc3 Bg7 4. e4 d6 5. Nf3 0-0 6. Be2 Nbd7 7. 0-0 e5 8. d5 Nc5 9. Qc2 a5 10. Ne1 Qe7 11. f3 Nh5 12. Nd3 b6 13. Be3 Nxd3 14. Bxd3 Nf4 15. Ne2 Nxd3 16. Qxd3 f5 17. b3 f4 18. Bf2 g5 19. a3 g4 20. Kh1 Qg5 21. fxg4 Bxg4 22. Ng1 Rf6 23. Nf3 Qh5 24. Bg1 Rh6 25. Rac1 Kh8 26. Rc2 Rg8 27. b4 axb4 28. axb4 Bf8 29. Ra2 Rhg6 30. Rc2 Bd7 31. Ne1 Rg3 32. Qe2 Bg4 33. Qf2 Be7 34. h3 Bd1 35. Rd2 Bh4 36. Bh2 Rxh3 37. Qg1 Bg3 38. gxh3 Bxe1 39. Qe3 fxe3 0-1

[Event "Ruhrgebiet VK1 1112"]
[Site "Nordrheinwestfalen"]
[Date "2012.04.22"]
[Round "9"]
[White "Wagner, Ole"]
[Black "Hessel, Malte"]
[Result "1-0"]
[WhiteElo "1948"]
[BlackElo "1931"]
[PlyCount "57"]
[EventDate "2012.09.18"]
[EventType "team-tourn"]
[EventRounds "9"]
[EventCountry "GER"]
[SourceTitle "EXT 2020"]
[Source "ChessBase"]
[SourceDate "2019.10.17"]
[SourceVersion "1"]
[SourceVersionDate "2019.10.17"]
[SourceQuality "1"]
[WhiteTeam "Listiger Bauer Essen"]
[BlackTeam "Castrop Rauxel"]
[WhiteTeamCountry "GER"]
[BlackTeamCountry "GER"]

1. Nf3 d5 2. g3 Nf6 3. Bg2 Nbd7 4. d4 e6 5. 0-0 Bd6 6. b3 e5 7. dxe5 Nxe5 8. Bb2 Nxf3+ 9. exf3 0-0 10. Nd2 Re8 11. c4 Be5 12. Bxe5 Rxe5 13. f4 Re8 14. cxd5 Nxd5 15. Ne4 c6 16. Rc1 Bf5 17. Nc5 b6 18. Nd3 Bxd3 19. Qxd3 Rc8 20. Rfd1 Ne7 21. Qc4 Qc7 22. b4 h6 23. Re1 Red8 24. Re5 Rd6 25. Rce1 Ng6 26. R5e2 c5 27. f5 Rd4 28. fxg6 Rxc4 29. Re8+ 1-0

[Event "Ruhrgebiet VK1 1112"]
[Site "Nordrheinwestfalen"]
[Date "2011.12.11"]
[Round "4"]
[White "Doering, Carsten"]
[Black "Wagner, Ole"]
[Result "1-0"]
[WhiteElo "1956"]
[BlackElo "1948"]
[PlyCount "100"]
[EventDate "2012.09.18"]
[EventType "team-tourn"]
[EventRounds "9"]
[EventCountry "GER"]
[SourceTitle "EXT 2020"]
[Source "ChessBase"]
[SourceDate "2019.10.17"]
[SourceVersion "1"]
[SourceVersionDate "2019.10.17"]
[SourceQuality "1"]
[WhiteTeam "Hervest Dorsten"]
[BlackTeam "Listiger Bauer Essen"]
[WhiteTeamCountry "GER"]
[BlackTeamCountry "GER"]

1. d4 d5 2. c4 c6 3. Nf3 Nf6 4. Nc3 e6 5. e3 Nbd7 6. Qc2 Be7 7. b3 0-0 8. Bd3 Re8 9. 0-0 Nf8 10. Bb2 Ng6 11. e4 dxe4 12. Nxe4 Nxe4 13. Bxe4 f5 14. Bd3 Nf4 15. Rfe1 Bd6 16. Bf1 Ng6 17. g3 Bd7 18. Bd3 Rc8 19. Rad1 Rf8 20. c5 Bb8 21. Bc4 f4 22. Rxe6 Kh8 23. Ne5 Bxe6 24. Nxg6+ hxg6 25. Bxe6 Qg5 26. Bxc8 Rxc8 27. Qe4 Rf8 28. Bc1 Qh5 29. Rd3 g5 30. gxf4 Re8 31. Qf5 Kg8 32. Kg2 Qe2 33. Rf3 Rf8 34. Qxg5 Qe4 35. Be3 Rf6 36. f5 Bxh2 37. Qh5 Bc7 38. Kh3 Qb1 39. Qe8+ Rf8 40. Qe6+ Rf7 41. Kg2 Bd8 42. d5 cxd5 43. Qxd5 Bf6 44. c6 bxc6 45. Qxc6 Qxa2 46. Bc5 Be7 47. Qe8+ Bf8 48. Bxf8 Rxf8 49. Qe6+ Rf7 50. Rc3 Qb1 1-0

[Event "Ruhrgebiet VK3 0910"]
[Site "Ruhrgebiet"]
[Date "2010.02.07"]
[Round "6.3"]
[White "Rosen, Willy"]
[Black "Wagner, Ole"]
[Result "1-0"]
[WhiteElo "2302"]
[BlackElo "1987"]
[PlyCount "65"]
[EventDate "2009.09.06"]
[EventType "team"]
[EventRounds "9"]
[EventCountry "GER"]
[SourceTitle "EXT 2011"]
[Source "ChessBase"]
[SourceDate "2010.11.26"]
[SourceVersion "1"]
[SourceVersionDate "2010.11.26"]
[SourceQuality "1"]
[WhiteTeam "Katernberg III"]
[BlackTeam "Listiger Bauer"]
[WhiteTeamCountry "GER"]
[BlackTeamCountry "GER"]

1. e4 c5 2. Nf3 Nc6 3. d4 cxd4 4. Nxd4 Nf6 5. Nc3 d6 6. Bg5 e6 7. Qd2 Be7 8. 0-0-0 a6 9. f4 Qc7 10. Be2 Bd7 11. Bf3 h6 12. Bh4 Nxd4 13. Qxd4 e5 14. Qd2 Bc6 15. Bxf6 Bxf6 16. Qxd6 Qxd6 17. Rxd6 Be7 18. Rd3 exf4 19. e5 Bxf3 20. gxf3 Rd8 21. Nd5 g5 22. Rhd1 Rb8 23. Re1 Kf8 24. Kd2 Bd8 25. c4 Kg7 26. e6 fxe6 27. Rxe6 Kf7 28. Rd6 b5 29. c5 a5 30. c6 Rc8 31. c7 Be7 32. Rd7 Rhe8 33. Nb6 1-0

[Event "Ruhrgebiet VK3 0910"]
[Site "Ruhrgebiet"]
[Date "2010.01.10"]
[Round "5.3"]
[White "Wagner, Ole"]
[Black "Mombeck, Michael"]
[Result "1/2-1/2"]
[WhiteElo "1987"]
[BlackElo "1989"]
[PlyCount "105"]
[EventDate "2009.09.06"]
[EventType "team"]
[EventRounds "9"]
[EventCountry "GER"]
[SourceTitle "EXT 2011"]
[Source "ChessBase"]
[SourceDate "2010.11.26"]
[SourceVersion "1"]
[SourceVersionDate "2010.11.26"]
[SourceQuality "1"]
[WhiteTeam "Listiger Bauer"]
[BlackTeam "Wacker Bergeborbeck"]
[WhiteTeamCountry "GER"]
[BlackTeamCountry "GER"]

1. Nf3 g6 2. Nc3 Bg7 3. e4 c5 4. Bc4 Nc6 5. 0-0 d6 6. d3 e6 7. Be3 Nd4 8. Bxd4 cxd4 9. Bb5+ Bd7 10. Bxd7+ Qxd7 11. Ne2 e5 12. c3 dxc3 13. Nxc3 Ne7 14. Qb3 0-0 15. Rfd1 Nc6 16. Nd5 h6 17. Rac1 Kh7 18. d4 exd4 19. Ne1 Rae8 20. f3 f5 21. exf5 Rxf5 22. Nd3 Qf7 23. N5b4 Qxb3 24. axb3 Nxb4 25. Nxb4 Rb5 26. Nd3 Rxb3 27. Rc7 Kg8 28. Rd7 g5 29. Rxd6 Re3 30. Rd8+ Kf7 31. Rd7+ Re7 32. Rxe7+ Kxe7 33. Kf1 Kd6 34. Ke2 Rb6 35. Ra1 a6 36. Kd2 Bf6 37. Re1 Kd7 38. Rc1 Be7 39. Rc4 Bf6 40. Rc1 Rc6 41. Re1 Rb6 42. Re4 Kd6 43. Re1 Kd5 44. Re8 Kc4 45. Rc8+ Rc6 46. Rb8 b5 47. Rf8 Kb3 48. Kd1 a5 49. Ra8 g4 50. Rb8 Kc4 51. Kd2 Rc7 52. Rb6 Bg7 53. Rb8 1/2-1/2

[Event "Ruhrgebiet VK2 0708"]
[Site "Germany"]
[Date "2008.04.06"]
[Round "8.3"]
[White "Grube, Frank"]
[Black "Wagner, Ole"]
[Result "1-0"]
[WhiteElo "2050"]
[BlackElo "1988"]
[PlyCount "71"]
[EventDate "2007.09.16"]
[EventType "team"]
[EventRounds "9"]
[EventCountry "GER"]
[SourceTitle "EXT 2009"]
[Source "ChessBase"]
[SourceDate "2008.11.26"]
[SourceVersion "1"]
[SourceVersionDate "2008.11.26"]
[SourceQuality "1"]
[WhiteTeam "Unna SV"]
[BlackTeam "Listiger Bauer"]
[WhiteTeamCountry "GER"]
[BlackTeamCountry "GER"]

1. d4 Nf6 2. Nf3 g6 3. c4 Bg7 4. Nc3 d6 5. Bf4 Nbd7 6. e3 c5 7. Be2 a6 8. h3 0-0 9. 0-0 b6 10. Rc1 Bb7 11. d5 Bc8 12. a3 Ne8 13. b4 Ndf6 14. Nd2 Nc7 15. Bh2 Nd7 16. Nb3 Ne8 17. Na4 Ne5 18. Nc3 Nd7 19. Qd2 Ndf6 20. e4 e5 21. dxe6 Bxe6 22. Rfd1 cxb4 23. axb4 Qc8 24. Nd5 Qb7 25. Qe3 Nxd5 26. cxd5 Bd7 27. Nd4 Ba4 28. Rd3 Qd7 29. Bg4 f5 30. exf5 gxf5 31. Bf3 Nf6 32. Ne6 Rfe8 33. Rc7 Rxe6 34. Qxe6+ Qxe6 35. dxe6 Bb5 36. Bxa8 1-0

[Event "Ruhrgebiet VK2 0708"]
[Site "Germany"]
[Date "2008.02.03"]
[Round "6.2"]
[White "Wagner, Ole"]
[Black "Smolka, Alexander"]
[Result "0-1"]
[WhiteElo "1988"]
[BlackElo "1990"]
[PlyCount "94"]
[EventDate "2007.09.16"]
[EventType "team"]
[EventRounds "9"]
[EventCountry "GER"]
[SourceTitle "EXT 2009"]
[Source "ChessBase"]
[SourceDate "2008.11.26"]
[SourceVersion "1"]
[SourceVersionDate "2008.11.26"]
[SourceQuality "1"]
[WhiteTeam "Listiger Bauer"]
[BlackTeam "Dortmund Hansa III"]
[WhiteTeamCountry "GER"]
[BlackTeamCountry "GER"]

1. Nf3 Nf6 2. d4 e6 3. Bf4 c5 4. e3 b6 5. Nbd2 Bb7 6. c3 cxd4 7. exd4 Be7 8. Bd3 0-0 9. h3 d6 10. 0-0 Nbd7 11. Re1 Re8 12. Nc4 Nf8 13. Bh2 Ng6 14. Ncd2 Bf8 15. Nf1 a6 16. Ne3 b5 17. Be2 Nd5 18. Nxd5 Bxd5 19. Bg3 Rb8 20. Nd2 Nh4 21. Bxh4 Qxh4 22. Bf3 Qg5 23. Bxd5 Qxd5 24. Qf3 Qxf3 25. Nxf3 Rec8 26. Rac1 Rb7 27. Rc2 d5 28. Ree2 Rbc7 29. Ne1 a5 30. a3 Rc4 31. Kf1 Bd6 32. g3 Kf8 33. Ng2 b4 34. axb4 axb4 35. Ne3 R4c7 36. cxb4 Bxb4 37. g4 Bd6 38. Rxc7 Rxc7 39. Rc2 Rb7 40. Ke2 Rb4 41. Rd2 Bf4 42. Kf3 Bg5 43. Rc2 Rxd4 44. Rc8+ Ke7 45. Rc7+ Kf6 46. Rb7 Rd2 47. b4 Bh4 0-1